An Old Testament theology : (Registro nro. 26153)

Detalles MARC
000 -LEADER
campo de control de longitud fija 03565cam a22005534i 4500
003 - IDENTIFICADOR DE NÚMERO DE CONTROL
campo de control PE-LiUPU
005 - FECHA Y HORA DE LA ÚLTIMA TRANSACCIÓN
campo de control 20250731173037.0
008 - DATOS DE LONGITUD FIJA--INFORMACIÓN GENERAL
campo de control de longitud fija 051220s2007 miu rb 001 0 eng
020 ## - NÚMERO INTERNACIONAL ESTÁNDAR DEL LIBRO
Número Internacional Estándar del Libro 0310218977
020 ## - NÚMERO INTERNACIONAL ESTÁNDAR DEL LIBRO
Número Internacional Estándar del Libro 9780310218975
035 ## - NÚMERO DE CONTROL DEL SISTEMA
Número de control de sistema (Sirsi) i9780310218975
035 ## - NÚMERO DE CONTROL DEL SISTEMA
Número de control de sistema (OCoLC)62895805
Número de control cancelado/no válido (OCoLC)174288021
-- (OCoLC)191671846
-- (OCoLC)613633070
-- (OCoLC)989316350
040 ## - FUENTE DE CATALOGACIÓN
Centro catalogador/agencia de origen DLC
Lengua de catalogación spa
Centro/agencia transcriptor DLC
Centro/agencia modificador BAKER
-- BTCTA
-- YDXCP
-- PRP
-- OSU
-- CBUL
-- IG#
-- PUL
-- VLB
-- KAT
-- HNW
-- BDX
-- SGB
-- OCLCF
-- TUU
-- NZABT
-- OCLCQ
-- PE-LiUPU
Normas de descripción rda
049 ## - FONDOS LOCALES (OCLC)
Biblioteca depositaria PRUA
050 00 - SIGNATURA TOPOGRÁFICA DE LA BIBLIOTECA DEL CONGRESO
Número de clasificación BS1192.5
Número de ítem .W35 2007
082 00 - NÚMERO DE LA CLASIFICACIÓN DECIMAL DEWEY
Número de clasificación 230.0411
Cutter W19
Número de edición 22
100 1# - ENTRADA PRINCIPAL--NOMBRE DE PERSONA
Nombre de persona Waltke, Bruce K.,
Término indicativo de función/relación autor.
245 13 - MENCIÓN DEL TÍTULO
Título An Old Testament theology :
Resto del título an exegetical, canonical, and thematic approach /
Mención de responsabilidad, etc. Bruce K. Waltke, Charles Yu.
250 ## - MENCION DE EDICION
Mención de edición 1st ed.
264 #1 - PRODUCCIÓN, PUBLICACIÓN, DISTRIBUCIÓN, FABRICACIÓN Y COPYRIGHT
Producción, publicación, distribución, fabricación y copyright Grand Rapids, Míchigan :
Nombre del de productor, editor, distribuidor, fabricante Zondervan,
Fecha de producción, publicación, distribución, fabricación o copyright 2007.
300 ## - DESCRIPCIÓN FÍSICA
Extensión 1040, páginas ;
Dimensiones 24 centímetros
336 ## - TIPO DE CONTENIDO
Término de tipo de contenido text
Fuente rdacontent
337 ## - TIPO DE MEDIO
Nombre/término del tipo de medio unmediated
Fuente rdamedia
338 ## - TIPO DE SOPORTE
Nombre/término del tipo de soporte volume
Fuente rdacarrier
504 ## - NOTA DE BIBLIOGRAFÍA, ETC.
Nota de bibliografía, etc. Bibliografía al pie de página.
504 ## - NOTA DE BIBLIOGRAFÍA, ETC.
Nota de bibliografía, etc. Índice : páginas 991-1040.
505 0# - NOTA DE CONTENIDO CON FORMATO
Nota de contenido con formato The basis of Old Testament theology -- The task of Old Testament theology -- The method of biblical theology, part 1; hermeneutica sacra -- The method of biblical theology, part 2: narrative theology -- The method of biblical theology, part 3: poetics and intertextuality -- The Bible's center: an overview of an Old Testament theology -- The gift of the cosmos -- The gift of Adam -- The gift of the bride -- The gift of the garden; humanity on probation and the fall -- The gift of the Noahic covenant -- The gift of the Abrahamic covenant: the chosen seed -- The gifts of election and God's name -- The gift of God as deliverer and warrior -- The gift of the Old Covenant -- The gift of liturgy -- The gift of I AM: Deuteronomy -- The gift of land, part 1: Joshua -- The gift of land, part 2: the Old Testament -- The gift of land, part 3: the New Testament -- The gift of warlords: Judges -- The gift of true strength: 1 Samuel -- The gift of the Davidic covenant: 2 Samuel -- The gift of kingship -- The gift of God's history-shaping word, part 1: 1 Kings -- The gift of God's history-shaping word, part 2: 2 Kings -- The gift of providence: Chronicles and Esther -- The gifts of return, restoration, and reform: Ezra-Nehemiah -- The gift of prophecy, part 1: the prophets -- The gift of prophecy, part 2: the prophetic books -- The gift of love (Hesed): Ruth -- The gifts of hymns and the Messiah: the Psalms -- The gift of wisdom, part 1: Proverbs -- The gift of wisdom part 2: Job -- The gift of wisdom, part 3: Ecclesiastes.
526 ## - NOTA DE INFORMACIÓN SOBRE EL PROGRAMA DE ESTUDIO
Nombre del programa Segunda Especialidad En Profecías Bíblicas
526 ## - NOTA DE INFORMACIÓN SOBRE EL PROGRAMA DE ESTUDIO
Nombre del programa Segunda Especialidad En Nuevo Testamento
526 ## - NOTA DE INFORMACIÓN SOBRE EL PROGRAMA DE ESTUDIO
Nombre del programa Segunda Especialidad En Antiguo Testamento
526 ## - NOTA DE INFORMACIÓN SOBRE EL PROGRAMA DE ESTUDIO
Nombre del programa Segunda Especialidad En Estudios Adventistas
526 ## - NOTA DE INFORMACIÓN SOBRE EL PROGRAMA DE ESTUDIO
Nombre del programa Doctorado en teología
526 ## - NOTA DE INFORMACIÓN SOBRE EL PROGRAMA DE ESTUDIO
Nombre del programa Maestría en teología histórica
526 ## - NOTA DE INFORMACIÓN SOBRE EL PROGRAMA DE ESTUDIO
Nombre del programa Maestría en teología bíblica
526 ## - NOTA DE INFORMACIÓN SOBRE EL PROGRAMA DE ESTUDIO
Nombre del programa Maestría en teología
526 ## - NOTA DE INFORMACIÓN SOBRE EL PROGRAMA DE ESTUDIO
Nombre del programa Maestría en misionología
526 ## - NOTA DE INFORMACIÓN SOBRE EL PROGRAMA DE ESTUDIO
Nombre del programa Maestría en liderazgo eclesiástico
526 ## - NOTA DE INFORMACIÓN SOBRE EL PROGRAMA DE ESTUDIO
Nombre del programa Teología
596 ## -
-- 1
630 00 - PUNTO DE ACCESO ADICIONAL DE MATERIA--TÍTULO UNIFORME
Título uniforme Bible.
Nombre de parte o sección de la obra Old Testament
Subdivisión general Theology.
630 00 - PUNTO DE ACCESO ADICIONAL DE MATERIA--TÍTULO UNIFORME
Título uniforme Biblia.
Nombre de parte o sección de la obra Antiguo Testamento
Subdivisión general Teología.
700 1# - ENTRADA AGREGADA--NOMBRE PERSONAL
Nombre de persona Yu, Charles,
Término indicativo de función/relación autor.
910 ## - DATOS DE OPCIÓN DEL USUARIO (OCLC)
Datos de opción del usuario dbm
-- ebj
-- ebj
-- 20171212
942 ## - ELEMENTOS DE ENTRADA SECUNDARIOS (KOHA)
Fuente del sistema de clasificación o colocación Clasificación Decimal Dewey
Tipo de ítem Koha
949 ## - PROCESAMIENTO DE INFORMACIÓN LOCAL (OCLC)
a 230.0411 W19
w DEWEY
c 1
i 77545
l CATALOGING
m BUL
p 49.82
r 0
s Y
t BOOK
u 2017-12-12
x POSGRADO
-- P85
0 DONACION
o .STAFF. Colección Teología.
994 ## -
-- C0
-- PEPRU
999 ## - NÚMEROS DE CONTROL DE SISTEMA (KOHA)
-- DEWEY
-- 77545
-- 2019-11-14
-- 2021-11-9
-- 4
-- CCODEBUL1
-- BUL
-- 2
-- 49.82
-- 4
-- 0
-- Y
-- BOOK
-- 2017-12-12
-- TEOLOGIA
-- P85
-- COMPRA
-- .STAFF. Colección Teología.
980 ## - EQUIVALENCIA O REFERENCIA-CRUZADA-MENCIÓN DE SERIE--NOMBRE DE PERSONA/TÍTULO [LOCAL, CANADÁ]
ID del último usuario que modificó el registro 1
Nombre del último usuario que modificó el registro ALBERTO SANCHEZ Responsable de Automatización
Existencias
Visto por última vez Número de inventario Total de préstamos Signatura topográfica completa Código de barras Fecha del último préstamo Copia número Coste, precio de reemplazo Fecha de reemplazo Facultad Tipo de ítem Koha Nota pública Estado de pérdida Fuente del sistema de clasificación o colocación Restricciones de uso No para préstamo Colección Programa académico Biblioteca de origen Biblioteca actual Ubicación en estantería Fecha de adquisición Fuente de adquisición Coste, precio normal de compra
2025-12-03 5 2 230.0411 W19 77545 2019-11-14 e1 54.82 2017-12-12   Libros físicos inventario-2023-12-13 No Perdido Clasificación Decimal Dewey No restringido Disponible para préstamos Colección General Maestría en teología Biblioteca CRAI UPeU Lima Biblioteca CRAI UPeU Lima Sala principal 2017-12-12 COMPRA 49.82